Vögel auf Bildern erkennen - Statistiken

Allgemein
  • Dieses Quiz wurde 1.614 mal gespielt
  • Das Durchschnittsergebnis liegt bei 10 aus 12
Antwortstatistiken
Frage Antwort % Korrekt
Kaiserpinguin
97%
Rotkehlchen
94%
Rabenkrähe
92%
Grünspecht
90%
Turmfalke
88%
Kormoran
86%
Uhu
82%
Kurzschnabelkolibri
80%
Kanadagans
79%
Nymphensittich
71%
Pirol
68%
Kuckuck
58%
Keine übereinstimmenden Quizze gefunden
Verteilung der Resultate
Anzahl Personen mit jedem Resultat
Perzentil nach korrekt beantworteten Fragen
Ihre Resultats-Entwicklung
Sie haben dieses Quiz noch nicht gespielt